Sayaji Rao Gaekwad III (Record no. 224602)

MARC details
000 -LEADER
fixed length control field 01330nam a22002657a 4500
005 - DATE AND TIME OF LATEST TRANSACTION
control field 20220914144851.0
008 - FIXED-LENGTH DATA ELEMENTS--GENERAL INFORMATION
fixed length control field 220914b ||||| |||| 00| 0 eng d
020 ## - INTERNATIONAL STANDARD BOOK NUMBER
International Standard Book Number 9789354912047
040 ## - CATALOGING SOURCE
Transcribing agency AL
041 ## - LANGUAGE CODE
Language code of text/sound track or separate title English
082 ## - DEWEY DECIMAL CLASSIFICATION NUMBER
Edition number 23
Classification number 920
Item number CHAS
100 ## - MAIN ENTRY--PERSONAL NAME
Personal name V K Chavda
100 ## - MAIN ENTRY--PERSONAL NAME
9 (RLIN) 57487
245 ## - TITLE STATEMENT
Title Sayaji Rao Gaekwad III
260 ## - PUBLICATION, DISTRIBUTION, ETC.
Place of publication, distribution, etc. New Delhi
Name of publisher, distributor, etc. National Book Trust
Date of publication, distribution, etc. 2022
300 ## - PHYSICAL DESCRIPTION
Extent vii,169 p.
Other physical details PB
Dimensions 19x14 cm.
365 ## - TRADE PRICE
Price type code BLCR-000076
Price amount ₹152.00
Currency code
Unit of pricing ₹190.00
Price note 20%
Price effective from 30-08-2022
440 ## - SERIES STATEMENT/ADDED ENTRY--TITLE
Title India@75 series
9 (RLIN) 57488
520 ## - SUMMARY, ETC.
Summary, etc. To Commemorate the 75th Years of India's Independence, National Book Trust,India under the Azadi ka Amrit Mahotsav programme has launched new publishing series 'India@75' for young and general readers. The book under this series will reflect the momentous ., yet wonderful journey of India. As a part of the series, books on freedom fighters are being developed. The aim behind publishing such books is to make young readers learn about the sacrifice and struggle of our renowned freedom fighters as well as unsung heroes of pre independence era .
650 ## - SUBJECT ADDED ENTRY--TOPICAL TERM
Topical term or geographic name entry element Marathas Come to Gujarat
9 (RLIN) 57489
650 ## - SUBJECT ADDED ENTRY--TOPICAL TERM
Topical term or geographic name entry element Minority Administration
9 (RLIN) 57490
650 ## - SUBJECT ADDED ENTRY--TOPICAL TERM
Topical term or geographic name entry element The 'Seditious'Prince
9 (RLIN) 57491
650 ## - SUBJECT ADDED ENTRY--TOPICAL TERM
Topical term or geographic name entry element The Princely Preacher
9 (RLIN) 57492
700 ## - ADDED ENTRY--PERSONAL NAME
Personal name CHAVDA (V K)
9 (RLIN) 57493
942 ## - ADDED ENTRY ELEMENTS (KOHA)
Source of classification or shelving scheme Dewey Decimal Classification
Koha item type Book
Holdings
Withdrawn status Lost status Source of classification or shelving scheme Damaged status Not for loan Collection code Home library Current library Date acquired Source of acquisition Cost, normal purchase price Total Checkouts Full call number Barcode Date last seen Cost, replacement price Price effective from Koha item type
    Dewey Decimal Classification     History St Aloysius Library St Aloysius Library 09/05/2022 Navakarnataka Publications Pvt Ltd 152.00   920 CHAS 076025 09/14/2022 190.00 09/14/2022 Book